|
|
|
|
| LEADER |
00000nab a2200000 a 4500 |
| 001 |
vtls000454822 |
| 003 |
SK-MaSNL |
| 005 |
20260303190851.0 |
| 008 |
160204c1990 xo 0 slo |
| 015 |
|
|
|a SNBRA19rr/mm-uuuuu
|
| 035 |
|
|
|a CL0454953
|
| 040 |
|
|
|a SNKBUCL
|b slo
|c SNKBUCL
|e AACR2
|
| 041 |
0 |
|
|a slo
|
| 044 |
|
|
|a xo
|c SK
|
| 080 |
|
|
|a 801.561.62:808.54:808.2
|2 1981
|
| 080 |
|
|
|a 808.54
|2 1981
|
| 080 |
|
|
|a 808.2
|2 1981
|
| 100 |
1 |
|
|a Jabur, Vasyľ
|4 aut
|9 898444
|
| 245 |
1 |
0 |
|a K otázke fungovania indikatívu v opytovacích konštrukciách v ruštine v porovnaní so slovenčinou
|c Vasil Jabur
|
| 300 |
|
|
|b Res. nem., rus., lit. 46 zázn. v slov., ruš.
|
| 650 |
0 |
7 |
|a slovenčina
|2 snkbucl
|9 1350
|
| 650 |
0 |
7 |
|a ruština
|2 snkbucl
|9 1346
|
| 650 |
0 |
7 |
|a syntax
|2 snkbucl
|9 1352
|
| 655 |
|
7 |
|a články zo zborníkov
|2 snkbucl
|9 166140
|
| 773 |
0 |
|
|t Zborník Pedagogickej fakulty v Prešove Univerzity P.J. Šafárika v Košiciach. Roč. 24/3. Slavistika
|d Bratislava : SPN, 1990
|g S. 69-84
|
| 850 |
|
|
|a Slovenská národná knižnica v Martine
|a MTA001
|
| 852 |
|
|
|a SNK
|b KIS3GCP
|
| 958 |
|
|
|a NB
|
| 958 |
|
|
|a RK
|
| 992 |
|
|
|a RZB
|
| 999 |
|
|
|c 2138331
|d 2140261
|